000 00669nam a2200181Ia 4500
003 GCL
008 140319s9999 xx 000 0 ara d
040 _aGCL /
_cGCL
082 0 4 _a327.560569
_bم
100 1 _aمنير الحمش
245 1 0 _aالسلام المدان: الشرق الاوسط الجديد من اسرائيل الكبرى الى اسرائيل العظمى /
_cمنير الحمش
300 _a470 ص
490 _aالهيئة العامة للاستعلامات
_v0
650 0 4 _aالنزاع العربى الاسرائيلى
650 0 4 _aاتفاقية غزة اريحا
650 0 4 _aالسوق الشرق اوسطية
942 _2ddc
_cBK
999 _c48381
_d48381